000 01126naa a22003017a 4500
001 BR8700561
003 BR-BrBNA
005 20240918175736.0
007 ta
008 230509b bl.||||| |||| 00| 0 por d
040 _aBR-BrBNA
_bpor
_cBiblioteca Nacional de Agricultura
041 _a(Pt)
072 _aH10
_b2120
_b4020
090 _aH10 BR8700561
100 1 _aAviles, D.P.
100 1 _aMatiello, J.B.
100 1 _aPaulini, A.E.
100 1 _aPinheiro, M.R.
111 1 _a10. Congresso Brasileiro de Pesquisas Cafeeiras
_cPocos de Caldas, MG (Brazil)
_d29 Aug 1983
245 1 _aInfestacao de bicho mineiro em catuai e conilon em lavouras intercaladas e isoladas [cafe]
260 3 _aRio de Janeiro, RJ (Brasil):
_c1983.
500 _aAnais do 10. Congresso Brasileiro de Pesquisas Cafeeiras Rio de Janeiro, RJ (Brasil): 1983. p. 324-325 (BR8700561-AM)H10
650 _aCAFE
650 _aBICHO MINEIRO
773 0 _tAnais do 10. Congresso Brasileiro de Pesquisas Cafeeiras
_wH10 BR8700561
_gRio de Janeiro, RJ (Brasil), 1983. p. 324-325
909 _a202404
_bLucia
_c55
_dLucia Elande
942 _cAM
_2AGRIS
999 _c318003
_d318003